000 00339nam a2200121Ia 4500
005 20260328104318.0
008 260328s9999||||xx |||||||||||||| ||und||
100 _aEuropean Commission
245 2 _aA Green Vitruvius :
_b Sustainable Architectural Design /
_cEuropean Commission
260 _bJames & James
300 _a145 p.
942 _cBK
999 _c11247
_d11247